00346 a2200097 4500001001000000005001700010008004100027245007300068100003100141773007600172ART_4568320260410162013.0260409a 10aUna mirada sobre las nuevas reformas al procedimiento administrativo1 aBalbín, Carlos Francisco0 tTemas de derecho administrativog- Año 3, Nº 2 (feb. 2018)wREV40468